Statistical reports of region western region 1997

Na minha lista:
Detalhes bibliográficos
Formato: Livro
Idioma:inglês
tailandês
Publicado em: Bangkok National Statistical Office 1997
Colecção:w.fl. 2540
Assuntos:
Tags: Adicionar Tag
Sem tags, seja o primeiro a adicionar uma tag!

MARC

LEADER 00000nam a2200000 4500
001 c100745
005 20221124074957.6
020 |a 974-236-606-3 
041 0 |a eng 
041 0 |a tha 
044 |a TH 
245 1 0 |a Statistical reports of region  |b western region 1997 
264 1 |a Bangkok  |b National Statistical Office  |c 1997 
300 |a 133 s. 
490 1 |a w.fl. 2540 
830 0 |a w.fl. 2540 
610 2 0 |a štatistika 
610 2 0 |a údaje štatistické 
610 2 0 |a tabuľky štatistické 
610 2 0 |a populácia 
610 2 0 |a poľnohospodárstvo 
610 2 0 |a priemysel 
610 2 0 |a doprava 
610 2 0 |a vzdelanie 
610 2 0 |a zdravie 
610 2 0 |a bankovníctvo 
610 2 0 |a regióny 
610 2 0 |a produkty 
610 2 0 |a meteorológia 
610 2 0 |a Thajsko 
610 2 0 |a 1997